000 00945nam a2200301 i 4500
003 EG-GICUC
005 20260430170123.0
008 260430s1968 fr ||||fr|||| 00| 0 fre d
040 _aEG-GiCUC
_bfre
_cEG-GiCUC
_dEG-GiCUC
_eRda
041 0 _afre
082 0 4 _221
_a343.83
_bMA . M
092 0 4 _221
099 _aLaw1 10 343.83 MA . M 1968
100 1 _aMalherbe . J
_eAuteur
245 _aMédecine Et Droit Moderne /
_cJ. Malherbe , Préface Du PR. Louis Roche .
264 1 _aParis :
_bMasson & C", Editeurs ,
_c1968 .
300 _a255 page ;
_c 24 cm.
336 _2rda contenu
_a texte
337 _2rda medias
_aOrdinateur
338 _2 transporteur rda
_a Ressource en ligne
546 _aTexte en français
650 1 4 _aForensic medicine
_2qrmak
651 1 _2qrmak
700 1 _a Roche . Louis
_ePréfacier
856 4 0 _uhttps://fll.law.cu.edu.eg/fulltext/bks/B10-11180.pdf
905 _a165
942 _2ddc
_cBK
_e21
_n0
999 _c74563
_d74563